00566nam a22001457a 4500003000400000005001700004008004100021040001400062100002700076245015100103260000900254300002900263500010100292504002700393OSt20171010095434.0120521t xxu||||| |||| 00| 0 eng d aMMSUcULS aBaguinon, Falstaff R.  aAntimicrobial property of milkweed (Asclepias curassavica) leaf extract against candida albicans and pseudomonas aeruginosacFalstaff R. Baguinon  c2007 axiv, 28 leaves c28 cm.  aThesis (BS Biology) -- Mariano Marcos State University-College of Arts and Sciences, Batac City  aBibliography: leaf 17